Conference proceedings : the 4th annual Symposium on Computer Architecture, March 23-25, 1977.

Saved in:
Bibliographic Details
Corporate Authors: Symposium on Computer Architecture, IEEE Computer Society, Association for Computing Machinery
Format: Conference Proceeding Book
Language:English
Published: Long Beach, Calif. : IEEE, 1977.
Subjects:
LEADER 01119nam a2200265 a 4500
001 c000312951
003 CARM
005 00000000000000.0
008 s1977 caua b 10010 eng d
019 1 |a 3380148  |5 LACONCORD2021 
035 |a (OCoLC)30575147  |5 LACONCORD2021 
082 1 |a 004.22  |2 19 
111 2 0 |a Symposium on Computer Architecture  |n (4th :  |d 1977) 
245 1 0 |a Conference proceedings :  |b the 4th annual Symposium on Computer Architecture, March 23-25, 1977. 
260 |a Long Beach, Calif. :  |b IEEE,  |c 1977. 
300 |a viii, 210 p. :  |b ill. ;  |c 28 cm. 
500 |a Sponsored by the IEEE Computer Society and the Association for Computing Machinery. 
500 |a 77CH1182-5C. 
504 |a Includes bibliographical references. 
650 0 |a Computer architecture  |x Congresses. 
710 2 0 |a IEEE Computer Society. 
710 2 0 |a Association for Computing Machinery. 
852 8 |b CARM  |h A3:AD01D0  |i F05550  |p 0470727  |f BK 
999 f f |i f996af8a-7e6b-518f-b474-cc1f2e1eac8b  |s 493a787f-650e-5e83-92f5-2d55ad5abfea 
952 f f |p Can circulate  |a CAVAL  |b CAVAL  |c CAVAL  |d CARM 1 Store  |e F05550  |f A3:AD01D0  |h Other scheme  |i book  |m 0470727